les villes du 92 - Statistiques

Statistiques générales
  • Ce quiz a été pris 671 fois
  • Le résultat moyen est 17 sur 36
Statistiques - réponses
capitales % Correct
Nanterre
85%
Colombes
74%
Boulogne-Billancourt
70%
Clamart
65%
Antony
64%
Puteaux
63%
Courbevoie
62%
Issy-les-Moulineaux
60%
Asnières-sur-Seine
57%
Neuilly-sur-Seine
57%
Rueil-Malmaison
56%
Suresnes
56%
Levallois-Perret
54%
Bois-Colombes
53%
Saint-Cloud
53%
Gennevilliers
52%
Bagneux
51%
Meudon
50%
Montrouge
49%
Sèvres
47%
La Garenne-Colombes
46%
Malakoff
46%
Châtillon
43%
Sceaux
40%
Vanves
40%
Villeneuve-la-Garenne
40%
Bourg-la-Reine
34%
Chaville
34%
Fontenay-aux-Roses
32%
Châtenay-Malabry
31%
Garches
31%
Vaucresson
29%
Ville-d'Avray
29%
Clichy-la-Garenne
28%
Le Plessis-Robinson
27%
Marnes-la-Coquette
24%
Aucun quiz correspondant
Distribution des résultats
% des personnes avec chaque résultat
Percentile par nombre de réponses
Votre historique - résultats
Vous n’avez pas pris ce quiz